000 00342nam a2200145Ia 4500
008 191201s2003 xx 000 0 und d
082 _a005.133
_bRAD
100 _aRAMAKRISHNAN, Raghu
245 0 _aDatabase Management Systems
250 _a3rd
260 _aN.Delhi
_bMGH
_c2003
300 _a1065
650 _aB.Tech(IT)
942 _2ddc
_cBK
999 _c2910
_d2910